Orta vadeli program (Record no. 7788)
[ view plain ]
| 000 -BAŞLIK | |
|---|---|
| Sabit Uzunlukta Kontrol Alanı | 00983na a2200277 4500 |
| 001 - KONTROL NUMARASI | |
| Denetim Alanı | 13280 |
| 003 - KONTROL NUMARASI IDENTIFIER | |
| Denetim Alanı | MIRAKIL |
| 005 - SON İŞLEM TARİHİ VE ZAMANI | |
| Denetim Alanı | 20181213155149.0 |
| 008 - SABİT-BOY VERİ ELEMANLARI - GENEL BİLGİLER | |
| Sabit Uzunlukta Kontrol Alanı | 170119b tu 000 0 |
| 035 ## - SİSTEM KONTROL NUMARASI | |
| Sistem Kontrol Numarası | 13280 |
| 040 ## - KATALOGLAMA KAYNAK | |
| Orijinal Kataloglama Ajansı | Milas |
| Kataloglama Dili | tur |
| Metne Dönüştürmek Ajansı | TR-AnCHP |
| 041 ## - DİL KODU | |
| Metin / Ses Parça Veya Ayrı Başlığın Dil Kodu | tur |
| 082 ## - DEWEY ONLU SINIFLANDIRMA NUMARASI | |
| Sınıflandırma Numarası | 338.9561 |
| Ürün Numarası | O67o 2010 |
| 090 ## - SINIFLAMA NUMARASI | |
| Sınıflama Numarası | 338.9561 O67o 2010 |
| 111 ## - ANA GİRİŞ - TOPLANTI ADI | |
| Giriş Elemanı Olarak Toplantı Adı Veya Yargı Alanı Adı | Orta Vadeli Program |
| Toplantının Yeri | Ankara |
| Toplantı Veya Antlaşma İmzalandığı Tarihi | 2011-2013 |
| 245 ## - BAŞLIK TABLOSU | |
| Başlık | Orta vadeli program |
| Başlığın Kalan | (2011-2013) |
| Sorumluluk Tablosu, Vb | [hazırlayan] Devlet Planlama Teşkilatı. |
| 260 ## - YAYIN, DAĞITIM, VB | |
| Yayın, Dağıtım, Vb Yeri | Ankara |
| Yayıncı, Dağıtıcı, Vs Adı | DPT |
| Yayın, Dağıtım, Vb Tarihi | 2010 |
| 300 ## - FİZİKSEL TANIM | |
| Kapsam | 60 s. |
| Diğer Fiziksel Ayrıntıları | tbl. |
| Boyutlar | 19 sm. |
| 500 ## - GENEL NOT | |
| Genel Not | Devlet Planlama Teşkilatı'nın yeni adı Kalkınma Bakanlığı'dır. |
| 500 ## - GENEL NOT | |
| Genel Not | Bu kitapların elektronik versiyonlarına Kalkınma Bakanlığı sayfasından erişilebilir. |
| 610 ## - KONU KATMA GİRİŞ - TOPLANTI ADI | |
| Giriş Elemanı Olarak Kurumsal Ad Veya Yargı Alanı Adı | Kalkınma Bakanlığı |
| Genel Alt Bölüm | Programlar |
| 650 ## - KONU KATMA GİRİŞ - TOPİKAL DÖNEM | |
| Topikal Süreli Veya Coğrafi Ad Giriş Elemanı | Kalkınma planları |
| Aktif Tarihleri | 2011-2013 |
| Coğrafi Alt Bölümü | Türkiye |
| 650 ## - KONU KATMA GİRİŞ - TOPİKAL DÖNEM | |
| Topikal Süreli Veya Coğrafi Ad Giriş Elemanı | Kalkınma planları |
| Genel Alt Bölümü | Orta vadeli programlar |
| 710 ## - KATMA GİRİŞ - KURUMSAL ADI | |
| Giriş Elemanı Olarak Kurumsal Ad Veya Yargı Alanı Adı | Devlet Planlama Teşkilatı (DPT) |
| 942 ## - EKLENDİ GİRİŞ ELEMANLARI (KOHA) | |
| Sınıflandırma Veya Raf Düzeni Kaynak | |
| Koha Öğesi Türü | Books |
| 999 ## - SİSTEM KONTROL NUMARALARI (KOHA) | |
| Koha Biblionumber | 7788 |
| Koha Biblioitemnumber | 7788 |
| Kalıcı Konum | Mevcut Konum | Edinme Tarihi | Edinim Kaynak | Toplam Check-Out'Lar | Tam Çağrı Numarası | Barkod | Tarih Son Görülme | İtibaren Geçerli Fiyatlar | Koha Öğesi Türü | Kopya Sayısı |
|---|---|---|---|---|---|---|---|---|---|---|
| CHP Kütüphanesi | CHP Kütüphanesi | 08/12/2016 | Bağış | 338.9561 O67o 2010 | 001110 | 08/12/2016 | 08/12/2016 | Books | ||
| CHP Kütüphanesi | CHP Kütüphanesi | 01/19/2017 | Bağış | 338.9561 O67o 2010 | 012000 | 01/19/2017 | 01/19/2017 | Books | k.2 |
